000 00590nam a2200193Ia 4500
003 IN-BaIIA
008 211028s9999 xx 000 0 eng d
020 _a3-540-61362-5
040 _cIIA Library
080 _a524.3-64
_bYAN
100 _aYanovitskij, E. G
_922191
245 0 _aLight scattering in inhomogeneous atmospheres
_cE. G. Yanovitskij
260 _aBerlin
_bSpringer-Verlag
_c1997
300 _axvii, 371p.
650 _aAtmospheres
_92122
650 _aLight scattering
_93487
650 _aRadiative transfer
_91568
942 _cBK
999 _c12665
_d12665